000 00661nam a2200217Ia 4500
003 GCL
008 140319s9999 xx 000 0 ara d
040 _aGCL /
_cGCL
082 0 4 _aط
_b507
_bع ع
100 1 _aعزالدين فراج
245 1 0 _aعالم الحشرات المصورة للاطفال الناشئة /
_cعزالدين فراج
260 _a[S.N] :
_bدار الفكر العربى
300 _a31 ص
490 _aعالم المعرفة المبسطة المصورة
_v0
650 0 4 _aالاطفال
650 0 4 _aالعلوم
650 0 4 _aالحشرات
650 0 4 _aالطيور
650 0 4 _aالزهور
942 _2ddc
_cBK
999 _c57009
_d57009